000 00942cam a22002054a 4500
005 20250605164240.0
008 250528s ||||||||||||||||||||||||d
035 _a21306
020 _a9781449647391
040 _aGR-AtMCL
_bgre
_dGR-AtMCL
_eAACR2
245 1 _aCloud Computing / SaaS, PaaS, IaaS, Virtualization, Business Models, Mobile, Security, and More
250 _a1st
260 _bJones And Bartlett Learning,
_c2013
300 _a324
520 _aThis book presents a hands-on introduction to cloud technologies. Introducing Cloud Computing, Platform as a Service, Identity as a Service, Collaboration in the Cloud, Security the Cloud, Service-Oriented Architecture, Migrating to the Cloud, Mobile Cloud Computing, Evaluating the Cloud's Business Impact and Economics, Coding Cloud-Based Applications, The Future of the Cloud, Index.
700 1 _aJamsa Kris
_97359
942 _cBK
999 _c6371
_d6371